00609ntaaa2200193 45000030003000000050017000030080021000200400037000410820017000781000029000952450053001242500010001772600063001873000010002505000105002606500023003656500015003887000012004030120251027203000.00714s1973 ag 01  aAR-BaBNbspacAR-BaBNeaacrdRIC a982.0900 M73 aMolinari, José Luís  aBoletín de la Academia Nacional de la historia a1 ed. aBuenos Aires : bAcademia Nacional de la Historia, cc1964 a375 p aIncluye capítulos sobre los primeros misioneros protestantes en la región Magallánica (p. 263) aArgentina-historia amisioneros aOtros,